[Event "Dortmund"]
[Site "Dortmund"]
[Date "1993.??.??"]
[Round "4"]
[White "Lautier, Joel"]
[Black "Karpov, Anatoly"]
[Result "1-0"]
[WhiteElo "2645"]
[BlackElo "2725"]
[Annotator "Lautier,J"]
[PlyCount "75"]
[EventDate "1993.04.??"]
[EventType "tourn"]
[EventRounds "7"]
[EventCountry "GER"]
[EventCategory "16"]
[SourceTitle "CBM 035"]
[Source "ChessBase"]
[SourceDate "1993.08.01"]
[SourceVersion "1"]
[SourceVersionDate "1993.08.01"]
[SourceQuality "1"]

1. c4 {Ribli Konikowski Ftacnik Kortschnoj} Nf6 2. Nc3 e5 3. Nf3 Nc6 4. g3 Bb4
5. Nd5 e4 (5... a5 {Konikowski} 6. Bg2 O-O 7. O-O Re8 8. d3 h6 9. Nd2 (9. b3 $5
d6 10. Bb2 Bg4 11. h3 Bh5 12. e3 Bc5 13. a3 Ba7 14. Nc3 Nd7 15. Qc2 Nc5 16. Nh4
Ne6 17. Nd5 $14 {Serper-Timman, Manila 1992}) 9... d6 10. Nxf6+ Qxf6 11. Ne4
Qg6 12. a3 Bc5 13. Bd2 Bd7 14. Nc3 Nd8 15. Nb5 Bb6 16. b4 axb4 17. axb4 Rxa1
18. Qxa1 c6 $13 {Timman-Lobron, Manila 1992}) (5... Bc5 $5 {Ribli Kortschnoj,
V-Karpov,An/Tilburg/1991/CBM26/INF53,44/}) 6. Nh4 O-O (6... d6 $5 {Ribli} 7.
Nxb4 Nxb4 8. d4 $2 exd3 9. exd3 O-O $15 {Kortschnoj,V-Adams,M/Wijk-op/1993/
CBM34/INF56,(40)/}) 7. Bg2 Re8 8. O-O d6 (8... Bf8 {Ftacnik} 9. d3 exd3 10.
Qxd3 h6 (10... Ne5 11. Qc2 Nxd5 (11... a6 12. Nxf6+ Qxf6 13. Bd2 Ng6 14. Bc3
Qe6 15. Nxg6 hxg6 16. Qa4 g5 17. Bd2 Qf6 18. Bc3 Qh6 19. Qc2 d6 20. e4 Bh3 21.
Bxh3 Qxh3 22. Rae1 g4 23. f4 gxf3 24. Rxf3 $10 {Shvidler,E-Groszpeter,A/Biel
op/1989/}) (11... c6 12. Ne3 d5 13. cxd5 cxd5 14. Rd1 Be6 15. Qb3 d4 16. Qxb7
dxe3 17. Rxd8 exf2+ 18. Kh1 f1=Q+ 19. Bxf1 Raxd8 20. Qxa7 Rd1 21. Kg2 Rc8 22.
b4 Bd5+ 23. Kg1 Bxb4 24. Ba3 $17 {Contin,D-Groszpeter,A/Cannes op (5)/1990/})
12. cxd5 c5 13. b3 (13. f4 {Ribli} Ng6 14. Nf3 d6 15. e4 $14 {Vaganian,
R-Taimanov,M/URS/1977/}) 13... d6 14. Bb2 Be7 15. Bxe5 dxe5 16. Nf5 Bxf5 17.
Qxf5 Bd6 18. e4 Rc8 19. Rac1 g6 20. Qf3 Rf8 21. Bh3 Rc7 22. Qd3 Qg5 23. Rc2 h5
24. Qe3 $10 {Altyzer,L-Tatai,S/Zurich op (6)/1987/}) 11. b3 Ne5 12. Qc2 c6 13.
Nxf6+ Qxf6 14. Bb2 Qe6 15. Nf5 d6 16. Nd4 Qe7 17. Rad1 a5 18. h3 Qc7 19. Qc3
Qb6 20. Kh2 Qb4 21. Qc2 a4 22. e4 axb3 23. axb3 Ra2 24. Qb1 $13 {Petursson,
M-Strenzwilk,D/Saint Martin op(2)/1993/}) (8... b5 {Ftacnik} 9. Nxb4 Nxb4 10.
a3 Nc6 11. cxb5 Nd4 12. d3 Nxb5 13. dxe4 Bb7 14. f3 d5 15. exd5 Nxd5 16. e4 Nb6
17. a4 Qd4+ 18. Kh1 Rad8 19. Qc2 Nd6 20. Bf4 Nbc4 21. b3 Ne3 22. Qf2 Nxe4 23.
fxe4 Nxf1 24. Rxf1 $14 {Smejkal,J-Haik,A/Smederevska Palanka/1982/}) 9. d3 (9.
Nxb4 Nxb4 10. d3 (10. d4 $6 h6 {/\ g5}) 10... h6 (10... exd3 11. exd3 $16) 11.
dxe4 Nxe4 12. Be3 $14) 9... exd3 10. Qxd3 Ne5 11. Qc2 Nxd5 12. cxd5 Bc5 13. b3
$1 (13. Bd2 $6 Bg4 14. Bc3 Qd7 $10) (13. h3 {Ftacnik} Qf6 14. Kh2 g5 15. Bxg5
Qxg5 16. f4 Qg7 17. fxe5 Rxe5 {0,5/Dorfman,I-Smyslov,V/URS-ch/1976/}) 13... Qe7
(13... Bg4 $6 14. h3 Bh5 15. Bb2 Qg5 16. Kh2) (13... Ng4 14. Bb2 Qg5 15. Rad1
$14 {/\ Bd4} (15. e4 Bd7 $132 {/\ Bb5})) (13... Ng6 14. Nf3 $1 Ne5 (14... Qf6 {
Ftacnik} 15. Bb2 Bf5 16. Qxc5 dxc5 17. Bxf6 gxf6 18. Rfc1 b6 19. b4 Be4 20.
bxc5 Bxd5 21. Nd4 Bxg2 22. Kxg2 Rad8 23. e3 Rd5 24. Nb5 $13 {Makarichev,
S-Nevednichy/Spartakiada/1979/}) 15. Nxe5 Rxe5 16. Bb2 Re8 17. e4 $14) 14. Bb2
a5 15. a3 (15. Rae1 a4 $1 $132) 15... Ng6 (15... Bd7 $5 {Konikowski /\ c7-c6})
16. Nxg6 (16. Nf3 $2 Qxe2 17. Qc3 Ne5 (17... f6 18. Rae1 Qb5 {is also possible.
}) 18. Nxe5 (18. Rae1 $2 Bxf2+ $1 (18... Nxf3+ $2 19. Bxf3 Bxf2+ 20. Kh1 $1 $18
) 19. Rxf2 (19. Kh1 Bxe1 20. Rxe1 Qb5 21. Nxe5 dxe5 22. Rxe5 f6 23. Rxe8+ Qxe8
$19) 19... Nxf3+ 20. Qxf3 Qxe1+ 21. Bf1 f6 $19) 18... Rxe5 19. Bf3 (19. Rae1 $2
Bxf2+ $1 $19) 19... Qb5 (19... Bd4 $4 20. Qxc7 $18) 20. Qd2 Qxb3 $17 (20... Re8
$4 21. Qg5 $18)) (16. Qc3 Qe5 $10) 16... hxg6 17. e4 g5 $6 (17... c6 $2 18. Qc3
f6 19. dxc6 bxc6 20. b4 $18) (17... Bd7 18. Rfe1 (18. Rae1 $2 Bb5) 18... f6 (
18... c6 $6 19. e5 cxd5 20. Bxd5 $16) 19. Qc4 Qf7 20. Bd4 Bxd4 21. Qxd4 $14)
18. Rae1 f6 (18... Bd7 $5 {Ribli}) 19. Kh1 g4 (19... c6 20. f4 (20. dxc6 bxc6
21. b4 $2 axb4 22. axb4 Bxb4 23. Qb3+ d5 24. Rc1 Ba6 $17) 20... cxd5 (20...
gxf4 21. gxf4 {The opening of the "g" file should favor White.}) 21. e5 fxe5
22. fxe5 $40) 20. f4 gxf3 21. Rxf3 Bd7 $6 (21... Bg4 22. Rf4 Qd7 23. Qc4 {
Threatens 24.e5} Re5 $5 (23... b5 24. Qd3 $14) 24. Ref1 $14 (24. Bxe5 fxe5 25.
Rff1 Bxa3 $10)) 22. Rf4 Rf8 {Black wants 23...g5} 23. Ref1 {/\ Rh4} Be3 $1 (
23... c6 $2 24. Rh4 {/\ e5} g5 25. Rh6 $18) (23... Bb5 $2 24. R1f3 $16 (24. Bh3
$5 Bxf1 25. Be6+ $16)) (23... Rae8 {Ribli} 24. Rh4 $16) 24. R4f3 Bb6 (24... Bh6
$6 25. Qxc7 Rfc8 26. Qb6 Rc5 (26... Rc2 27. R3f2 $16) 27. Rc3 $16) 25. g4 $1 (
25. Qd3 {/\ Rf4} Qe8 $1 {/\ Bb5}) 25... Rae8 $2 (25... Bb5 $1 $8 26. Re1 Be8 $1
{/\ Bg6} (26... Bd7 $2 27. Rh3 g5 28. Rf1 Rf7 29. Rh6 Raf8 30. Qd2 Bxg4 31.
Qxg5+ $18) 27. g5 fxg5 28. Rxf8+ Qxf8 29. e5 $14 (29. e5 {Konikowski} Qf2 30.
Qxf2 Bxf2 31. Rf1 Bc5 32. e6 Bg6 $13)) (25... Bxg4 {Ftacnik} 26. Rg3) 26. Rh3
$1 {/\ e5} Bxg4 27. Rg3 Bh5 (27... Bd7 28. Qd2 {/\ Qh6} (28. Rg6 Kh7 $1 29. e5
dxe5 30. Rgxf6+ Kh8) 28... Kh7 29. Qf4 g5 30. Qf3 Kg6 31. Qd3 Kh6 32. Bh3 $1
Bxh3 33. Rxh3+ Kg7 34. e5 $18) 28. Qd2 $1 (28. Rf5 $2 Qf7 $1 {/\ Bg6} 29. Rxf6
Qxf6 30. Bxf6 Rxf6 $44) 28... g6 (28... Kh7 29. Qf4 Qf7 30. Qh4 $1 {/\ Rf5})
29. Rf5 Qh7 (29... Kh7 30. Qf4 $1 (30. Rxh5+ {Ftacnik} gxh5 31. Qf4 f5 (31...
Qd7 32. Bh3 $18) 32. Rg5 $1 Qf7 33. Qh4 $18) 30... gxf5 31. Qxf5+ Kh8 32. Qxh5+
Qh7 33. Bxf6+ $18 (33. Bxf6+ Rxf6 34. Qxe8+ $18)) (29... Kf7 $2 {Ftacnik} 30.
Rxh5 $1 gxh5 31. Qh6 $18) (29... Kh8 {Ftacnik} 30. Rxh5+ gxh5 31. Qh6+ Qh7 32.
Bxf6+ $18) 30. Bxf6 Rf7 31. Qg5 c6 (31... Kf8 32. Rf4 c6 33. Bh3 cxd5 34. Qxd5
$18) (31... Ref8 {Ribli} 32. Bc3 $16) 32. e5 $6 (32. dxc6 bxc6 33. e5 d5 (33...
dxe5 34. Bxc6 Rc8 35. Bd5 $18) 34. Rf4 $18 {/\ Rh4} (34. Qxh5 $4 Qxh5 35. Rxh5
Rxf6 $1 36. exf6 $2 Re1+ 37. Bf1 Rxf1+ 38. Kg2 Rg1+ $19)) 32... dxe5 33. dxc6
Kf8 (33... e4 $1 34. cxb7 Bc7 (34... Rxb7 35. Qxh5 $18) 35. Be5 $1 Rxf5 (35...
Bxe5 36. Rxe5 $18) 36. Qxf5 Bxe5 (36... Rxe5 37. Qc8+ $18) 37. Qxe5 $18 (37.
Qxe5 {Ftacnik} Rxe5 38. b8=Q+ $18)) 34. Rxe5 Rxe5 35. Qxe5 Bc7 36. Qe6 $1 Bg4 (
36... Bxg3 37. Qc8#) 37. Qxg4 (37. Rxg4 $4 {Ribli} Qxh2# $19) 37... Rxf6 38.
Qc8+ 1-0

[Event "FRA-chT"]
[Site "France"]
[Date "1994.??.??"]
[Round "?"]
[White "Lautier, Joel"]
[Black "Degraeve, Jean Marc"]
[Result "1-0"]
[WhiteElo "2625"]
[BlackElo "2480"]
[Annotator "Lautier,J"]
[PlyCount "67"]
[EventDate "1994.??.??"]
[EventType "team"]
[EventRounds "11"]
[EventCountry "FRA"]
[SourceTitle "CBM 041"]
[Source "ChessBase"]
[SourceDate "1994.08.01"]
[SourceVersion "1"]
[SourceVersionDate "1994.08.01"]
[SourceQuality "1"]

1. c4 e5 2. Nc3 Nf6 3. Nf3 Nc6 4. g3 Bb4 5. Nd5 Bc5 6. Bg2 O-O 7. O-O d6 8. e3
Nxd5 $146 9. cxd5 Ne7 10. d4 exd4 11. Nxd4 Re8 (11... Nf5 $6 12. Nb3 Bb6 13. e4
$16) 12. e4 (12. b3 Nf5 13. Bb2 Qf6 $14) 12... Ng6 $6 (12... c6 $5 13. dxc6
Nxc6 14. Be3 Qb6 15. Nxc6 Bxe3 16. fxe3 Qxe3+ 17. Kh1 bxc6 18. Qxd6 Be6 19.
Qxc6 $14) 13. b3 Bg4 14. f3 (14. Qd2 $1 Ne5 15. f3 $16) 14... Rxe4 $1 15. Bb2
Qg5 $1 $8 (15... Qf6 $2 16. fxe4 Bxd1 17. Rxf6 $18) 16. fxg4 (16. Kh1 $2 Qe5 $1
17. fxg4 Bxd4 18. Rf5 Bxb2 19. Rxe5 Rxe5 20. Rb1 Rae8 $15) 16... Qe3+ 17. Kh1
Bxd4 18. Rf3 Bxb2 19. Rxe3 Rxe3 20. Qd2 $1 Bxa1 $6 (20... Rxb3 $1 21. axb3 (21.
Rb1 $2 Bc3 $1) (21. Rf1 Rb6 22. Qc2 Bd4 23. Qxc7 Ne5 $13) 21... Bxa1 22. Qa5
Bd4 23. Qxc7 Bc5 24. Qxb7 Re8 25. Bf1 a5 $14) 21. Qxe3 {/\ Qc1} Bb2 (21... Be5
$6 22. Qc1 Rc8 23. g5 $16 {/\ Bh3}) 22. Qd2 Ba3 23. Qa5 Bc5 24. Qxc7 Re8 25.
Bf1 h6 26. Qxb7 Re1 27. Kg2 Ne5 $2 (27... Ra1 $1 $14) 28. b4 (28. Qb8+ $2 Kh7
29. b4 Rb1) 28... Bb6 29. Qb8+ Kh7 30. Qxd6 $18 Nxg4 31. Bd3+ g6 32. Bxg6+ Kg7
(32... fxg6 33. Qd7+ $18) 33. Bh5 Ne5 (33... Rg1+ 34. Kf3 (34. Kh3 $4 Nf2+ 35.
Kh4 Bd4 $1 {/\ Bf6} 36. Bf3 Bf6+ 37. Kh5 Re1 $1 $19 {/\ Re5}) 34... Nxh2+ 35.
Ke2 Rg2+ 36. Kd3 $18) 34. Qe7 1-0

[Event "Olympiad-32"]
[Site "Yerevan"]
[Date "1996.09.23"]
[Round "7.1"]
[White "Lautier, Joel"]
[Black "Cramling, Pia"]
[Result "1-0"]
[WhiteElo "2620"]
[BlackElo "2545"]
[Annotator "Lautier,J"]
[PlyCount "69"]
[EventDate "1996.09.15"]
[EventType "team-swiss"]
[EventRounds "14"]
[EventCountry "ARM"]
[SourceTitle "CBM 055"]
[Source "ChessBase"]
[SourceDate "1996.12.01"]
[SourceVersion "1"]
[SourceVersionDate "1996.12.01"]
[SourceQuality "1"]
[WhiteTeam "France"]
[BlackTeam "Sweden"]
[WhiteTeamCountry "FRA"]
[BlackTeamCountry "SWE"]

1. c4 {Belov} e5 2. Nc3 Nf6 3. Nf3 Nc6 4. g3 Bb4 5. Nd5 Bc5 6. d3 (6. Bg2 {
Belov} d6 7. O-O O-O 8. e3 Bg4 9. h3 Bh5 10. d3 a5 11. a3 Ba7 $10 {Lautier,
J-Karpov,A/Linares/1994/0:1/49/}) 6... h6 7. a3 $5 (7. Bg2 {Belov} d6 8. e3 O-O
9. O-O a6 10. a3 Ba7 11. b4 Nxd5 12. cxd5 Ne7 13. Nd2 Bf5 14. Nc4 Qd7 15. Bb2 {
Lautier,J-Ivanchuk,V/Dortmund/1995/0,5/}) 7... a6 (7... a5 {Belov} 8. Bg2 d6 9.
O-O O-O 10. Nxf6+ Qxf6 11. Nd2 Qd8 12. e3 Ne7 13. Ne4 Ba7 14. Nc3 c6 15. d4 Be6
$10 {Topalov,V-Epishin,V/Dos Hermanas/1994/1:0/60/}) 8. b4 $1 $146 Ba7 9. Bb2
d6 10. Nxf6+ Qxf6 11. b5 (11. Bg2 {Belov} O-O 12. O-O Qd8 13. Nd2 Ne7 $10)
11... axb5 12. cxb5 Nd8 $5 (12... Nd4 $6 13. Nxd4 Bxd4 14. Bxd4 exd4 15. Bg2
O-O 16. O-O $36 {/\ a4, Rc1-c4, >< b7, c7, d4}) (12... Ne7 {Belov} 13. Bg2 O-O
14. O-O Ng6 15. Nd2 $14) 13. Bg2 Ne6 14. e3 $1 (14. O-O $2 Ng5 $1 {/\ Nh3} (
14... Nd4 $5 {Belov} 15. Nxd4 Bxd4 16. Bxd4 exd4 $10) 15. Nxg5 $2 hxg5 $40)
14... Nc5 $6 (14... Ng5 $6 15. Nd2 $36 {/\ h4}) (14... O-O 15. O-O Ng5 16. Nxg5
(16. Nd2 $2 Nh3+ $17) 16... hxg5 17. a4 $14) (14... Bb6 $1 15. O-O (15. Nd2 Nc5
16. O-O Na4 $1 $10 (16... Nxd3 $4 17. Ne4 $18)) (15. a4 Nc5 $1 $132) 15... Ng5
16. h4 Nxf3+ 17. Bxf3 $5 (17. Qxf3 Qxf3 18. Bxf3 Ra7 19. a4 Bf5 $1 20. Rfd1 Ke7
$10 {/\ Rha8}) 17... O-O (17... Bh3 $2 18. Bxb7 $16) 18. a4 Ra7 19. Bg2 Be6 20.
Qc2 Rfa8 $14) 15. d4 (15. O-O {Belov} Bf5 16. e4 (16. d4 Nd3) 16... Bg4 17. d4
(17. h3 $6 Bxf3 18. Bxf3 Ne6 $15) 17... Nd7 $13) 15... e4 (15... exd4 16. Bxd4
$16) 16. Ne5 $1 dxe5 (16... Ne6 {Belov} 17. Nc4 Qg6 18. O-O $16) 17. dxc5 Bxc5
18. Qd5 $16 Qe7 19. Qxe4 (19. Qxe5 $2 Qxe5 20. Bxe5 O-O (20... Rxa3 {Belov} 21.
Rxa3 Bxa3 22. Bxg7 (22. Bxe4 $14) 22... Rh7 23. Be5 $16) 21. a4 Bf5 22. Bxc7
Bb4+ 23. Kf1 Rfc8 $44) 19... Bd6 (19... Bxa3 $2 20. O-O (20. Bxa3 $2 Rxa3 21.
Rxa3 Qxa3 22. Qxe5+ Qe7 23. Qxg7 Qb4+ $10) 20... O-O 21. Qd3 $18) (19... O-O
20. Qxe5 (20. O-O Re8 $5) 20... Qxe5 21. Bxe5 Bd7 22. Bxb7 (22. a4 $6 Bb4+ 23.
Kd1 (23. Ke2 Rxa4 $1 $10) 23... Rfd8 $44) 22... Rxa3 23. Rxa3 Bxa3 24. Ba6 $1 (
24. Bc6 Bxc6 25. bxc6 Re8 $1 26. Bxc7 Re6 $14) 24... Bb4+ 25. Kd1 $1 (25. Ke2
Rb8 $14) 25... Ba5 26. Ke2 $1 $16) 20. O-O O-O 21. a4 Ra7 22. a5 $1 Bd7 (22...
Bb4 $2 23. Ra4 $1 Bxa5 24. Ba3 $18) (22... b6 23. a6 Bd7 24. Qc4 Qe8 25. Bc6
Bxc6 26. bxc6 Qe6 27. Qb5 Rfa8 28. Ra4 Qc8 29. Rfa1 $16) 23. Qd3 $1 Bc5 (23...
Qe8 24. b6 Bb5 25. Qd2 $1 (25. Qd5 $2 Bc6 $132) 25... Bxf1 26. Rxf1 Ra8 27.
Bxb7 Rd8 (27... Rb8 28. a6 $16) 28. a6 cxb6 29. a7 $1 Qe7 30. Qd5 $16) 24. Rfd1
$1 (24. Bxe5 $2 Bxb5 25. Qxb5 Qxe5 26. Bxb7 Bd4 27. Rab1 Rxa5 $10) 24... Bg4
25. Rdc1 Bd6 $6 (25... b6 26. a6 (26. Qe4 $2 Bd7 $1) 26... Bd7 27. Qc4 Qe8 28.
Bf1 c6 29. bxc6 Bxc6 30. Ba3 $16) 26. h3 $1 {>< d1} Be6 27. a6 b6 (27... bxa6
28. Rxa6 (28. bxa6 $16 {Belov}) 28... Rxa6 29. bxa6 $18) 28. Ba3 $18 Rd8 29.
Rd1 Qe8 30. Bxd6 Rxd6 (30... cxd6 31. Rdc1 d5 32. Rc6 $18) 31. Qe4 Qxb5 (31...
Rxd1+ 32. Rxd1 Qxb5 $2 33. Rd8+ $18) 32. Rxd6 cxd6 33. Qb7 $1 Qd7 (33... Qb2
34. Rf1 (34. Qb8+ {Belov} Kh7 35. Qxa7 $2 {1-0 Lautier,J-Cramling,P/Erevan olm
1996/EXT 96ch2/[Belov]} (35. Qxa7 {Belov} Qxa1+ 36. Kh2 Bc4 37. Bb7 Qa2 38. Kg2
Bd5+ 39. Bxd5 Qxd5+ 40. Kh2 Qf3 41. Kg1 Qd1+ 42. Kg2 Qd5+) (35. Ra4 $1 {Belov}
Qb3 36. Qxa7 Qxa4 37. Qxb6 $18)) 34... Rxb7 35. axb7 $18) (33... Rxb7 {Belov}
34. axb7 Qe8 35. Ra8 $18) 34. Qb8+ Kh7 35. Bb7 1-0

[Event "Terrassa"]
[Site "Terrassa"]
[Date "1991.??.??"]
[Round "8"]
[White "Lautier, Joel"]
[Black "Epishin, Vladimir"]
[Result "1-0"]
[WhiteElo "2550"]
[BlackElo "2620"]
[Annotator "Lautier,J"]
[PlyCount "139"]
[EventDate "1991.05.??"]
[EventType "tourn"]
[EventRounds "9"]
[EventCountry "ESP"]
[EventCategory "12"]
[SourceTitle "CBM 024"]
[Source "ChessBase"]
[SourceDate "1991.10.01"]
[SourceVersion "1"]
[SourceVersionDate "1991.10.01"]
[SourceQuality "1"]

1. c4 e5 2. Nc3 Nf6 3. Nf3 Nc6 4. g3 Bb4 5. Nd5 Bc5 6. Bg2 d6 7. O-O O-O 8. e3
Bb6 $6 9. d4 Re8 (9... exd4 10. Nxb6 axb6 11. Nxd4 Nxd4 12. Qxd4 $16) 10. Nxb6
$1 axb6 11. d5 Ne7 12. Nd2 $1 (12. b3 $2 e4 $1 13. Nd2 (13. Nd4 Ng6 14. Bb2 Ne5
$15) 13... Bg4 $1 14. Qc2 Be2 15. Re1 Bd3 16. Qc3 Ng6 17. Bb2 Qd7 $15 {with
the plan Qf5, h5-h4}) 12... b5 $6 (12... Ng6 13. e4 h5 14. h4 $1 (14. f4 $2
exf4 15. gxf4 Ng4 16. Qb3 (16. Qe1 f5 $15) 16... Qf6 $15) (14. Nb1 $5 h4 15.
Nc3 Bd7 (15... Bg4 $2 16. Qd3 hxg3 (16... Qc8 17. f4 hxg3 18. f5 $1 gxh2+ 19.
Kxh2 $16) 17. hxg3 Qc8 18. f4 exf4 19. gxf4 Nh4 20. f5 $1 $16) 16. f4 hxg3 17.
hxg3 exf4 18. gxf4 Ng4 $13) 14... Ng4 15. Qe2 f5 16. exf5 Bxf5 (16... Ne7 $2
17. f3 Nf6 18. g4 $16) 17. Ne4 Qd7 (17... Nxh4 $4 18. Bg5 $18) 18. Bg5 Rf8 $14)
13. e4 c6 14. b3 bxc4 15. bxc4 Bd7 16. Qb3 $6 (16. Bb2 $16) 16... Qa5 $1 {
>< Nd2} 17. Rb1 $1 {preparing Rb2, Nb1} b5 (17... Qxa2 18. Qxa2 Rxa2 19. Rxb7
$14) 18. cxb5 cxb5 19. Rb2 $1 Rec8 (19... Nc8 20. Nb1 Nb6 21. Bd2 Qa4 22. Bb4
Nc4 23. Re2 $14) 20. Nb1 Rc4 $6 (20... Qa4 21. f3 (21. Nc3 $2 Qxb3 22. Rxb3 b4
$15) (21. Re1 $2 Rc4 22. f3 Rac8 23. Bd2 Rc2 $15) 21... Rc4 (21... Qxb3 22.
axb3 Ra1 23. Bd2 $14 {followed by Bb4, Nc3}) 22. Bd2 Rac8 23. Qxa4 bxa4 24. Bb4
Ne8 25. Nd2 Rc2 26. Rfb1 $14) 21. Bd2 Qa6 $6 (21... Qa4 22. Nc3 Qxb3 23. axb3
Rc7 24. Rc1 $14 {pair of bishops.}) 22. Re1 Nc8 23. Nc3 $1 b4 (23... Rb8 24.
Qxc4 bxc4 25. Rxb8 Qa7 26. Reb1 Ng4 27. Be1 $16) (23... Rc7 24. Bf1 $16) 24.
Nb1 Ba4 25. Qe3 Rc2 $8 (25... Qb7 26. Na3 Rd4 27. Reb1) (25... Qa5 26. a3) 26.
Rxb4 Rxa2 27. Bf1 Qa7 28. Nc3 (28. Qxa7 Rxa7 (28... Nxa7 $2 29. Nc3 Rxd2 30.
Rxa4 $18) 29. Be3 (29. Rb8 Bd7 30. Rc1 Ra8 $14) 29... Rc7 $1 30. Rb8 Nd7 31.
Ra8 Bb3 32. Rxa2 Bxa2 $14) 28... Qxe3 29. Bxe3 Ra3 30. Nxa4 R3xa4 31. Rxa4 Rxa4
32. Rb1 $16 {pair of bishops} Ra8 33. f3 Kf8 34. Rb7 Ne8 (34... Ng8 $5 35. Bb5
Nge7 $16) 35. Bb5 Ne7 {/\ f5} 36. g4 $1 Ng6 $6 (36... Rc8 37. Bb6 $16) 37. Ba7
$1 {threatening Rb8, ><d6} Rc8 38. Rb8 (38. Bb8 $2 Rc1+ 39. Kf2 Rc2+ 40. Kg3 $2
Nf4) 38... Rxb8 (38... Ne7 39. Bd7 Rxb8 40. Bxb8) 39. Bxb8 f6 40. Kf2 Nh8 41.
Bxe8 Kxe8 42. Bxd6 Nf7 43. Bb4 Ng5 44. Kg3 Nf7 45. Bd2 {/\ g5, Kg4 +-} Nd6 46.
Bc3 (46. g5 $6 f5 47. Bc3 (47. Bb4 Nf7) 47... fxe4 48. Bxe5 Nf5+ 49. Kf4 exf3
$1 50. Kxf3 Kd7 51. Ke4 g6 $16) 46... Nf7 47. Bb4 Nh8 $2 (47... Ng5 $2 48. Bd2
Nf7 49. g5 $1 $18) (47... Kd7 $16) 48. g5 $1 $18 Kf7 (48... fxg5 49. Kg4 Nf7
50. Kf5 Kd7 51. Bf8 g6+ 52. Kf6 $18) 49. Kg4 Ng6 (49... Kg6 $2 50. d6 $18) 50.
Bd2 {/\ Kh5} Ne7 51. Kh5 {/\ 52.gf6 gf6 53.Kh6+-} Ng8 52. Be3 Kf8 53. Bc5+ Kf7
54. Bd6 $1 {Zugzwang} g6+ (54... Ke8 55. g6 h6 56. Kg4 $18) 55. Kg4 h6 56. h4
Ke8 57. Kg3 Kf7 58. Kf2 Kg7 59. Ke3 Kf7 60. Kd3 Kg7 61. Kc4 Kf7 62. Kc5 hxg5
63. hxg5 fxg5 64. Bxe5 Nh6 65. Bg3 g4 66. fxg4 Nxg4 67. e5 g5 68. Kc6 Ne3 69.
e6+ Kf6 (69... Ke7 70. d6+ Kxe6 71. d7 Ke7 72. Bc7) 70. Be5+ $1 1-0

[Event "Interpolis"]
[Site "Tilburg"]
[Date "1992.10.12"]
[Round "2.2"]
[White "Lautier, Joel"]
[Black "Hertneck, Gerald"]
[Result "1-0"]
[WhiteElo "2580"]
[BlackElo "2580"]
[Annotator "Lautier,J"]
[PlyCount "81"]
[EventDate "1992.10.08"]
[EventType "k.o."]
[EventRounds "7"]
[EventCountry "NED"]
[SourceTitle "CBM 032"]
[Source "ChessBase"]
[SourceDate "1993.02.01"]
[SourceVersion "1"]
[SourceVersionDate "1993.02.01"]
[SourceQuality "1"]

1. c4 {Ribli} e5 2. Nc3 Nc6 3. Nf3 Nf6 4. g3 Bc5 5. d3 d6 6. Bg2 h6 7. O-O O-O
8. a3 a5 (8... a6 {Ribli} 9. b4 Ba7 10. Bb2 Bg4 11. h3 Be6 12. Kh2 Rb8 13. Rc1
Qd7 $13 {Petursson,M-Hjartarson,J Nordic zt 1992 CBM/31}) 9. e3 Bf5 (9... Bb6
$6 {Ribli} 10. b3 Bf5 11. h3 Qd7 12. Kh2 Bh7 13. Ng1 $14 {Gurevich,M-Sokolov,I
Belgrad 1991 CBM/27 53/38}) 10. h3 (10. b3 {Ribli} Qd7 11. Bb2 Bb6 12. d4 exd4
13. Nd5 $1 $14 (13. exd4 Bg4 14. Na4 Ba7 $13 {Vaganian,R-Sokolov,I Bled/
Rogaska Slatina 1991 CBM/24})) 10... Qd7 11. Kh2 {With simple moves, White has
already got a definite edge. Black's next is debatable, but he needs to react
before being slowly pushed off the board.} e4 (11... Rae8 $5 {Ribli}) 12. Ne1
exd3 13. Nxd3 Bxd3 14. Qxd3 a4 15. Bd2 Na5 16. Rad1 Bb6 {Preparing 17...Nb3.}
17. Nb5 $1 Nb3 18. Bb4 {Threatening 19.Bb7} Rad8 19. Qc2 (19. Bxb7 $4 c5 $19)
19... Rfe8 20. Bc3 Re6 21. Qf5 $1 Ba5 22. Bb4 $1 {By means of "small" moves,
White is building up the pressure.} Bxb4 23. axb4 c5 24. bxc5 Nxc5 25. Rd4 (25.
Rd2 Nb3 26. Rc2 $14 {was more precise.}) 25... Nb3 26. Rd3 Rc8 $1 (26... Nc5 $5
{Ribli}) 27. Nd4 $8 Rc5 28. Qf3 Nxd4 29. Rxd4 b5 {Black wants to get rid of
all queenside pawns in order to alleviate his defen- sive task.} 30. cxb5 Qxb5
31. Qa8+ Kh7 32. Qxa4 Qxb2 33. Qa7 Rc2 (33... Kg8 $2 34. Rxd6 $1) 34. Qxf7 Rxe3
$1 35. Rf4 Ree2 (35... Rxg3 $2 {was tempting but wrong:} 36. Kxg3 Qe5 37. Re1
$1 Rc3+ (37... Qxe1 38. Rxf6 Qe5+ 39. Rf4 $18) (37... Nh5+ 38. Qxh5 Qxh5 (38...
Rc3+ 39. Kg4 $18) 39. Be4+ $18) (37... Qg5+ 38. Rg4 $18) 38. Re3 Nh5+ 39. Kf3
$1 $18) 36. Kg1 Qe5 37. h4 {White's last chance to stir up trouble is linked
with a future Bh3-f5.} Re1 $4 {Black's only mistake in this game, but very
costly.} (37... Qe6 $2 38. Qxe6 Rxe6 39. Bh3 Re5 40. Bf5+ $18) (37... Qe7 38.
Qb3 {would have been symbolically better for White.}) 38. Rxf6 $1 Rxf1+ (38...
Rcc1 39. Qg6+ Kg8 40. Re6 $1 $18) 39. Bxf1 Rc1 (39... Qxf6 40. Qxf6 gxf6 41.
Bd3+ $18) 40. Qg6+ Kg8 41. Re6 1-0

[Event "Tata Steel-C 74th"]
[Site "Wijk aan Zee"]
[Date "2012.01.15"]
[Round "2"]
[White "Tikkanen, Hans"]
[Black "Brandenburg, Daan"]
[Result "1/2-1/2"]
[WhiteElo "2549"]
[BlackElo "2527"]
[Annotator "Let's Check"]
[PlyCount "185"]
[EventDate "2012.01.14"]
[EventType "tourn"]
[EventRounds "13"]
[EventCountry "NED"]
[EventCategory "9"]
[SourceTitle "CBM 147"]
[Source "ChessBase"]
[SourceDate "2012.03.16"]
[SourceVersion "1"]
[SourceVersionDate "2012.03.16"]
[SourceQuality "1"]

1. c4 e5 2. g3 Nf6 3. Bg2 d5 4. cxd5 Nxd5 5. Nc3 Nb6 6. Nf3 Nc6 7. O-O Be7 8.
a3 O-O 9. b4 Be6 10. Rb1 f6 11. d3 a5 12. b5 Nd4 13. Nd2 Qc8 14. e3 Nf5 15. Qc2
Rd8 16. Bb2 Nh6 17. Rfc1 Nf7 18. Ne2 Qd7 19. Nf1 Bf5 20. e4 Be6 21. Ne3 Rac8
22. Nc4 $6 (22. d4 Ba2 23. Ra1 $11) 22... Qxd3 23. Qxd3 Rxd3 24. Nxa5 Nd8 $6 (
24... Na4 25. Nxb7 Nxb2 $19) 25. Bf1 $17 Rd7 26. Rc2 Ra8 27. Bc3 Bxa3 28. Be1
Bd6 29. Nc1 Nc8 30. Nc4 Be7 31. Ne3 Ra4 32. f3 b6 33. Bf2 Bc5 34. Ne2 Kf8 35.
Nc3 Ra3 36. Nc4 Bxf2+ 37. Kxf2 Ra7 38. Ne3 Ne7 39. Rbb2 Nb7 40. Na2 Nc5 41. Nb4
Rd4 42. Na6 Nxa6 43. bxa6 Ke8 44. Rc1 Nc8 45. Ke1 Kd8 46. Nc2 Rd6 47. Nb4 Ne7
48. Kf2 Ra8 49. f4 Bc8 50. fxe5 fxe5 51. Ra1 Nc6 52. Nxc6+ Rxc6 53. Rb5 Rf6+
54. Ke3 c5 55. Rb2 Kc7 56. Bc4 Ra7 57. Rd1 Bg4 58. Rd5 Rf3+ 59. Kd2 Rf2+ 60.
Kc1 Rxb2 61. Kxb2 Bc8 62. Rxe5 Kd6 63. Rd5+ Kc6 64. e5 Bxa6 65. Rd6+ Kc7 66.
Bg8 Ra8 67. Bxh7 Rh8 68. Bf5 Rxh2+ 69. Kc3 Rf2 70. Rd7+ Kc8 $6 (70... Kc6 71.
g4 Rf3+ $11) 71. Rf7+ $6 (71. Bg4 Be2 72. Rd2+ $18) 71... Kd8 $11 72. e6 Bb5 $2
(72... Rf3+ 73. Kd2 Rxg3 $17) 73. Bd3 $18 Rxf7 74. exf7 Ke7 75. Bxb5 Kxf7 76.
Kd3 Kf6 77. Ke4 Kg5 78. Be2 c4 79. Kf3 b5 80. g4 Kf6 81. Kf4 Ke6 82. g5 Kd5 83.
Kf5 b4 84. Kg6 $2 (84. Bd1 Kd4 85. Kg6 $11) 84... b3 $2 (84... c3 85. Bd1 Kc4
$19) 85. Bd1 $11 Kc5 86. Kxg7 Kb4 87. g6 c3 88. Bxb3 Kxb3 89. Kf7 c2 90. g7
c1=Q 91. g8=Q Qc4+ 92. Kg7 Qxg8+ 93. Kxg8 1/2-1/2